1377 1826 1294 1778 1450 1059 1329 1277 1211 1262 1693 1660 1524 1383 1123 1725 1736 1455 1875 1083 1503 1576 1068 1834 1661 1853 1680 1822 1309 1544 1443 1933 1820 1208 1621 1018 1435 1957 1448 1783 1886 1462 1148 1769 1488 1891 1581 1109 1211 1094 1610 1956 1708 1548 1702 1265 1968 1152 1010 1574 1233 1428 1289 1214 1856 1332 1422 1509 1200 1286 1388 1490 1278 1471 1564 1786 1510 1611 1753 1299 1135 1073 1920 1687 1640 1022 1524 1382 1154 1089 1899 1515 1089 1207 1952 1450 1138 1644 1106 BCNSPRNW ULIB Ver.6.0+V

เปลี่ยนเป็นภาษาไทย

Change to English
 แสดงรายละเอียดบรรณานุกรม
  กลับหน้าหลัก

Brief Record : Get Marc (ISO 2709) : E-mail record : QR code < ปิดหน้าต่าง
LEADER : 00000nam 2200000uu 4500
001    13399113583
003     ULIB
008    111201s2550||||th 000 0 tha d
020    ^a9789740902348
090    ^aนว.^bป524พ 2550
100 0  ^aปัญญ์ปรียา
245 00 ^aณ ที่แห่งรัก/^cปัญญ์ปรียา
250    ^aพิมพ์ครั้งที่ 2
260    ^aกรุงเทพฯ :^bแจ่มใส,^c2550
300    ^a267 หน้า
710 1  ^aแจ่มใส
945    ^p169^l0^i14461
995    ^aกัณชพร
999    ^aใช้งานได้ทุกระบบ
รายการนี้ยังไม่มีแท็ก
คุณยังไม่ได้ล็อกอิน คุณสามารถมีกิจกรรมร่วมกับเว็บไซต์ได้ แต่ต้องล็อกอินก่อน ::
  ล็อกอิน

รายการสื่อสารสนเทศ

ลำดับที่ ประเภท เลขเรียก/บาร์โค้ด สถานที่ สถานะ
1. วิทยาศาสตร์การแพทย์ และสุขภาพ
วิทยาศาสตร์การแพทย์ และสุขภาพ
นว. ป524พ 2550  
  Barcode: 14461
ห้องสมุดวิทยาเขตสวรรค์ประชารักษ์
►นวนิยาย
บนชั้น
  ขอยืม

รายการใกล้เคียง
    ผู้แต่ง [ปัญญ์ปรียา]

BibComment


ยังไม่เคยถูกคอมเมนท์

คอมเมนท์ทรัพยากรรายการนี้
  คอมเมนท์: ณ ที่แห่งรัก ปัญ..


 Copyright 2026. Bcnsprnw @Library